000 00692nam a2200253Ia 4500
003 OSt
005 20220918221849.0
006 a|||||r|||| 00| 0
007 ta
008 220917b |||||||| |||| 00| 0 eng d
024 _a210,423
037 _cTextual
040 _aARTS
_cARTS
_beng
041 _2eng
_aeng
082 _aQ2:23, N9
100 _aChakravarti Chintaharan
245 0 _aTantras
_b Studies on their religion and literature
260 _aCalcutta
_bPunthi Pustak India
_c1999
300 _axi,129p.
_ccm.
500 _aReprint of 1963
650 _aRELIGION
942 _hQ2:23, N9
_cTEXL
_2CC
999 _c273850
_d273850